[Event "Titled Tuesday intern op 3rd Jan"]
[Site "Chess.com INT"]
[Date "2019.12.03"]
[Round "3"]
[White "Krienke, Makaio W"]
[Black "Benitez, Javier"]
[Result "0-1"]
[WhiteElo "2131"]
[BlackElo "1427"]
[PlyCount "52"]
[EventDate "2019.12.03"]
[EventType "swiss (blitz)"]
[EventRounds "10"]
[EventCountry "USA"]
[SourceTitle "EXT 2021"]
[Source "ChessBase"]
[SourceDate "2020.10.23"]
[SourceVersion "1"]
[SourceVersionDate "2020.10.23"]
[SourceQuality "1"]

1. e4 d6 2. d4 Nf6 3. Nc3 e5 4. Nf3 Nbd7 5. Bc4 Be7 6. 0-0 0-0 7. Re1 c6 8. h3 b5 9. Bd3 Re8 10. Ne2 Bf8 11. Ng3 Bb7 12. c3 a6 13. Qb3 c5 14. Ng5 d5 15. exd5 Bxd5 16. Bxh7+ Nxh7 17. Qxd5 Nxg5 18. Bxg5 Qxg5 19. Qxd7 Rad8 20. Qa7 exd4 21. Rxe8 Rxe8 22. cxd4 cxd4 23. Qxd4 Bc5 24. Qg4 Qf6 25. Ne4 Qxb2 26. Re1 Bxf2+ 0-1

[Event "Titled Tuesday intern op 5th Nov"]
[Site "Chess.com INT"]
[Date "2019.11.05"]
[Round "1"]
[White "Andreikin, Dmitry"]
[Black "Benitez, Javier"]
[Result "1-0"]
[WhiteElo "2733"]
[BlackElo "1427"]
[PlyCount "167"]
[EventDate "2019.11.05"]
[EventType "swiss (blitz)"]
[EventRounds "10"]
[EventCountry "USA"]
[SourceTitle "EXT 2021"]
[Source "ChessBase"]
[SourceDate "2020.10.23"]
[SourceVersion "1"]
[SourceVersionDate "2020.10.23"]
[SourceQuality "1"]

1. e4 d6 2. d4 Nf6 3. f3 e5 4. dxe5 dxe5 5. Qxd8+ Kxd8 6. Bc4 Ke8 7. Be3 Nbd7 8. Nc3 c6 9. a4 a5 10. Nge2 Bc5 11. Bd2 Nf8 12. Ng3 Be6 13. Bxe6 Nxe6 14. 0-0-0 g6 15. Nce2 Ke7 16. Bc3 Nd7 17. Kb1 f6 18. Nc1 Bb4 19. Bxb4+ axb4 20. b3 Ndc5 21. Na2 Na6 22. Ne2 Rhd8 23. Nec1 c5 24. Nd3 Nac7 25. Nb2 b5 26. c4 bxc3 27. Nxc3 Nd4 28. axb5 Ndxb5 29. Nca4 Ne6 30. Rxd8 Rxd8 31. Rd1 Nbd4 32. Ka2 Rb8 33. Rd3 Nf4 34. Rc3 Nxg2 35. Nxc5 Ne1 36. Ncd3 Nexf3 37. b4 Nd2 38. Rc7+ Kd6 39. Ra7 Nxe4 40. Nc4+ Ke6 41. Ra6+ Kf5 42. Ka3 h5 43. h4 g5 44. Ne3+ Kg6 45. Nxe5+ Kg7 46. Nc6 Nxc6 47. Rxc6 gxh4 48. Nf5+ Kg6 49. Nxh4+ Kg5 50. Nf3+ Kf4 51. Nd4 h4 52. Rc1 h3 53. Rf1+ Kg4 54. Rg1+ Kf4 55. Rf1+ Ke3 56. Nf5+ Ke2 57. Rf4 Nd2 58. Rh4 Nf3 59. Rxh3 Ne5 60. b5 Nc4+ 61. Kb4 Nd2 62. Re3+ Kf2 63. Re6 Nf3 64. Rxf6 Ke2 65. Kc5 Kd3 66. Rd6+ Ke4 67. Ne7 Ne5 68. Nc6 Nd3+ 69. Kc4 Nb2+ 70. Kb4 Nd3+ 71. Ka5 Ra8+ 72. Kb6 Ra1 73. Kc7 Rb1 74. b6 Nc5 75. Nb8 Ke5 76. Nd7+ Nxd7 77. Rxd7 Ke6 78. Rh7 Rc1+ 79. Kb8 Kd6 80. b7 Rb1 81. Kc8 Rc1+ 82. Kd8 Rb1 83. Rh6+ Kc5 84. Kc7 1-0

[Event "Titled Tuesday intern op 2nd July"]
[Site "Chess.com INT"]
[Date "2019.07.02"]
[Round "10"]
[White "Lokander, Martin"]
[Black "Benitez, Javier"]
[Result "0-1"]
[WhiteElo "2397"]
[BlackElo "1427"]
[PlyCount "102"]
[EventDate "2019.07.02"]
[EventType "swiss (blitz)"]
[EventRounds "10"]
[EventCountry "USA"]
[SourceTitle "EXT 2021"]
[Source "ChessBase"]
[SourceDate "2020.10.23"]
[SourceVersion "1"]
[SourceVersionDate "2020.10.23"]
[SourceQuality "1"]

1. Nf3 Nf6 2. c4 b6 3. g3 Bb7 4. Bg2 e6 5. 0-0 Be7 6. b3 0-0 7. Bb2 d5 8. cxd5 Nxd5 9. Nc3 c5 10. Nxd5 Bxd5 11. d4 Bf6 12. Qd2 cxd4 13. Bxd4 Nc6 14. Bxf6 Qxf6 15. Rac1 Rac8 16. Rfe1 Rfd8 17. Qg5 Bxf3 18. Qxf6 gxf6 19. Bxf3 Nd4 20. Red1 Nxf3+ 21. exf3 Rxd1+ 22. Rxd1 Rc2 23. a4 Rc3 24. Rd7 a5 25. b4 axb4 26. Rd4 Rxf3 27. Rxb4 Ra3 28. Kg2 Kg7 29. g4 Kg6 30. h4 f5 31. gxf5+ Kxf5 32. Rxb6 Rxa4 33. Kg3 Rg4+ 34. Kh3 Rf4 35. Kg3 Rg4+ 36. Kh3 Rg7 37. Rb4 e5 38. Ra4 e4 39. Ra5+ Kf4 40. Rh5 f5 41. Kh2 Kg4 42. Rh6 Kf3 43. Kh3 Kxf2 44. Rf6 Rg3+ 45. Kh2 Rf3 46. h5 e3 47. h6 e2 48. Re6 e1Q 49. Re2+ Kxe2 50. Kg2 Qf1+ 51. Kh2 Rh3# 0-1

[Event "Villa Ballester op 69th"]
[Site "Villa Ballester"]
[Date "2019.01.20"]
[Round "4"]
[White "Glodovico, Lucas Nahuel"]
[Black "Benitez, Javier"]
[Result "0-1"]
[WhiteElo "1555"]
[BlackElo "1414"]
[PlyCount "35"]
[EventDate "2019.01.16"]
[EventType "swiss"]
[EventRounds "9"]
[EventCountry "ARG"]
[SourceTitle "CBM 188 Extra"]
[Source "ChessBase"]
[SourceDate "2019.02.28"]
[SourceVersion "1"]
[SourceVersionDate "2019.02.28"]
[SourceQuality "1"]

1. e4 e6 2. d4 d5 3. e5 c5 4. c3 Qb6 5. Bd3 Nc6 6. Nf3 Bd7 7. dxc5 Bxc5 8. 0-0 a5 9. a4 Nge7 10. Qe2 Ng6 11. Na3 0-0 12. h4 Qc7 13. Nb5 Qb8 14. Re1 f5 15. Bd2 Nce7 16. c4 Bxb5 17. axb5 Bb6 18. h5 0-1